[Event "World Chess Olympiad 2018"]
[Site "Batumi"]
[Date "2018.09.28"]
[Round "5"]
[Board "2"]
[WhiteFideId "16100360"]
[White "Islam Sh.Nour Kassim"]
[BlackFideId "21400067"]
[Black "Esungi Guy Botetsi"]
[Result "1-0"]
[LiveChessVersion "1.4.8"]
[BlackElo "1495"]
[WhiteElo "1995"]

1. d4 {[%clk 1:30:57]} d5 {[%clk 1:30:33]} 2. c4 {[%clk 1:31:18]} Nf6
{[%clk 1:29:38]} 3. Nc3 {[%clk 1:31:44]} e6 {[%clk 1:28:57]} 4. Bg5
{[%clk 1:32:11]} Be7 {[%clk 1:28:11]} 5. e3 {[%clk 1:32:37]} O-O {[%clk 1:27:05]}
6. Nf3 {[%clk 1:33:05]} Nc6 {[%clk 1:25:26]} 7. Bd3 {[%clk 1:33:15]} dxc4
{[%clk 1:20:37]} 8. Bxc4 {[%clk 1:33:28]} Nd5 {[%clk 1:16:37]} 9. Bxe7
{[%clk 1:33:28]} Ncxe7 {[%clk 1:15:14]} 10. Bd3 {[%clk 1:33:38]} Nxc3
{[%clk 1:13:32]} 11. bxc3 {[%clk 1:34:00]} f5 {[%clk 1:08:56]} 12. O-O
{[%clk 1:32:35]} Ng6 {[%clk 1:07:57]} 13. Re1 {[%clk 1:30:47]} b6
{[%clk 1:07:37]} 14. e4 {[%clk 1:26:21]} Bb7 {[%clk 1:06:08]} 15. e5
{[%clk 1:25:01]} Bxf3 {[%clk 1:04:52]} 16. Qxf3 {[%clk 1:25:14]} Qg5
{[%clk 1:04:05]} 17. Bc4 {[%clk 1:25:16]} Rae8 {[%clk 0:57:02]} 18. Qc6
{[%clk 1:23:13]} Qe7 {[%clk 0:48:42]} 19. Rad1 {[%clk 1:23:10]} Kh8
{[%clk 0:48:26]} 20. g3 {[%clk 1:22:08]} f4 {[%clk 0:47:43]} 21. Bd3
{[%clk 1:20:54]} Qg5 {[%clk 0:42:00]} 22. Qe4 {[%clk 1:19:43]} f3
{[%clk 0:36:44]} 23. Re3 {[%clk 1:17:15]} Qh5 {[%clk 0:35:09]} 24. g4
{[%clk 1:16:01]} Qh3 {[%clk 0:34:20]} 25. Bf1 {[%clk 1:16:20]} Qh6
{[%clk 0:31:45]} 26. Rxf3 {[%clk 1:16:20]} Rxf3 {[%clk 0:30:03]} 27. Qxf3
{[%clk 1:14:27]} Rf8 {[%clk 0:30:25]} 28. Qg3 {[%clk 1:14:13]} Qf4
{[%clk 0:25:42]} 29. Qxf4 {[%clk 1:13:38]} Nxf4 {[%clk 0:26:01]} 30. f3
{[%clk 1:12:47]} g5 {[%clk 0:25:36]} 31. Kf2 {[%clk 1:12:54]} h6 {[%clk 0:26:00]}
32. c4 {[%clk 1:12:20]} a5 {[%clk 0:25:52]} 33. d5 {[%clk 1:12:31]} Rd8
{[%clk 0:23:34]} 34. d6 {[%clk 1:12:57]} cxd6 {[%clk 0:23:37]} 35. Rxd6
{[%clk 1:12:35]} Rb8 {[%clk 0:22:18]} 36. Ke3 {[%clk 1:12:32]} Kg7
{[%clk 0:22:04]} 37. h4 Rb7 {[%clk 0:20:27]} 38. h5 {[%clk 1:12:33]} Kf7
{[%clk 0:20:10]} 39. Kd4 {[%clk 1:12:43]} Ke7 {[%clk 0:19:16]} 40. a4
{[%clk 1:41:54]} Rd7 {[%clk 0:48:13]} 41. c5 {[%clk 1:41:40]} bxc5+
{[%clk 0:44:22]} 42. Kxc5 {[%clk 1:41:21]} Rxd6 {[%clk 0:42:09]} 43. exd6+
{[%clk 1:41:44]} Kd7 {[%clk 0:41:48]} 44. Bb5+ {[%clk 1:42:10]} Kd8
{[%clk 0:41:11]} 45. Kd4 {[%clk 1:42:01]} Ng2 {[%clk 0:36:15]} 46. Ke5
{[%clk 1:42:11]} Ne1 {[%clk 0:35:51]} 47. Bc6 {[%clk 1:42:28]} Nd3+
{[%clk 0:33:45]} 48. Kxe6 {[%clk 1:42:46]} Nb4 {[%clk 0:28:06]} 49. Bb5
{[%clk 1:39:25]} Nc2 {[%clk 0:23:26]} 50. Kf6 {[%clk 1:39:38]} Nd4
{[%clk 0:22:44]} 51. Bf1 {[%clk 1:37:59]} Kd7 {[%clk 0:21:22]} 52. Kg6
{[%clk 1:38:06]} Nxf3 {[%clk 0:20:43]} 53. Kxh6 {[%clk 1:38:16]} Kxd6
{[%clk 0:20:16]} 54. Kg6 {[%clk 1:38:34]} Ne5+ {[%clk 0:15:50]} 55. Kxg5
{[%clk 1:38:47]} Ke7 {[%clk 0:13:31]} 56. h6 {[%clk 1:37:19]} Nf7+
{[%clk 0:09:42]} 57. Kh5 {[%clk 1:37:27]} Kf8 {[%clk 0:08:23]} 58. g5
{[%clk 1:37:44]} Nxg5 {[%clk 0:04:18]} 59. Kxg5 {[%clk 1:37:55]} Kg8
{[%clk 0:04:34]} 60. Bd3 {[%clk 1:38:07]} Kh8 {[%clk 0:04:32]} 61. Kf4
{[%clk 1:38:18]} Kg8 {[%clk 0:03:43]} 62. Ke3 {[%clk 1:38:35]} Kf7
{[%clk 0:03:23]} 63. Kd2 {[%clk 1:38:56]} 1-0

[Event "World Chess Olympiad 2018"]
[Site "Batumi"]
[Date "2018.09.28"]
[Round "5"]
[Board "1"]
[WhiteFideId "31900232"]
[White "Guterres Luis"]
[BlackFideId "9800336"]
[Black "Pillay Harish"]
[Result "1-0"]
[LiveChessVersion "1.4.8"]
[BlackElo "1250"]
[WhiteElo "1779"]

1. e4 {[%clk 1:30:52]} e5 {[%clk 1:30:50]} 2. Nf3 {[%clk 1:31:11]} Bd6
{[%clk 1:30:59]} 3. Bc4 {[%clk 1:31:18]} Nc6 {[%clk 1:30:28]} 4. c3
{[%clk 1:30:51]} h6 {[%clk 1:30:05]} 5. a3 {[%clk 1:30:50]} Nf6 {[%clk 1:29:39]}
6. d3 {[%clk 1:29:36]} O-O {[%clk 1:29:37]} 7. h3 {[%clk 1:28:59]} a5
{[%clk 1:29:23]} 8. Be3 {[%clk 1:28:58]} Be7 {[%clk 1:28:17]} 9. Ba2
{[%clk 1:27:46]} d6 {[%clk 1:26:46]} 10. c4 {[%clk 1:26:49]} Be6 {[%clk 1:24:28]}
11. Nc3 {[%clk 1:26:37]} Nb8 {[%clk 1:22:28]} 12. Qd2 {[%clk 1:26:12]} c6
{[%clk 1:22:18]} 13. g4 {[%clk 1:20:37]} Nh7 {[%clk 1:20:41]} 14. O-O-O
{[%clk 1:20:37]} Na6 {[%clk 1:18:56]} 15. Rdg1 {[%clk 1:20:44]} f6
{[%clk 1:13:05]} 16. h4 {[%clk 1:20:58]} g5 {[%clk 1:11:33]} 17. hxg5
{[%clk 1:19:20]} hxg5 {[%clk 1:09:57]} 18. Rh5 {[%clk 1:18:30]} Qc8
{[%clk 1:09:18]} 19. Rgh1 {[%clk 1:14:16]} Rf7 {[%clk 1:08:29]} 20. Nh2
{[%clk 1:04:39]} Bxg4 {[%clk 1:08:25]} 21. Nxg4 {[%clk 1:04:47]} Qxg4
{[%clk 1:08:40]} 22. Na4 {[%clk 1:03:56]} Nc7 {[%clk 1:05:09]} 23. Nc3
{[%clk 1:01:41]} Rg7 {[%clk 1:03:27]} 24. Ne2 {[%clk 1:01:35]} f5
{[%clk 0:55:29]} 25. exf5 {[%clk 1:01:40]} Qxf5 {[%clk 0:55:20]} 26. Ng3
{[%clk 1:01:58]} Qf6 {[%clk 0:51:10]} 27. Ne4 {[%clk 0:59:26]} Qe6
{[%clk 0:48:52]} 28. Kb1 {[%clk 0:59:39]} c5 {[%clk 0:48:15]} 29. Ka1
{[%clk 0:59:35]} b6 {[%clk 0:46:17]} 30. Bxg5 {[%clk 0:58:35]} Bxg5
{[%clk 0:46:02]} 31. Nxg5 {[%clk 0:58:54]} Nxg5 {[%clk 0:46:23]} 32. Rxg5
{[%clk 0:59:05]} Rxg5 {[%clk 0:46:08]} 33. Qxg5+ {[%clk 0:59:20]} Kf7
{[%clk 0:46:14]} 34. Rh7+ {[%clk 0:59:21]} Ke8 {[%clk 0:46:27]} 35. Rxc7
{[%clk 0:59:02]} Rb8 {[%clk 0:46:04]} 36. Rh7 {[%clk 0:59:09]} Rc8
{[%clk 0:44:53]} 37. Bb3 {[%clk 0:59:17]} Kf8 {[%clk 0:43:37]} 38. Qg7+
{[%clk 0:59:33]} Ke8 {[%clk 0:43:48]} 39. Rh8+ 1-0

[Event "World Chess Olympiad 2018"]
[Site "Batumi"]
[Date "2018.09.28"]
[Round "5"]
[Board "2"]
[WhiteFideId "24613959"]
[White "Stratonowitsch Andre"]
[BlackFideId "31900097"]
[Black "Fernandes Tomas"]
[Result "1-0"]
[LiveChessVersion "1.4.8"]
[BlackElo "1627"]
[WhiteElo "2138"]

1. e4 {[%clk 1:30:58]} d5 {[%clk 1:29:27]} 2. exd5 {[%clk 1:31:23]} Qxd5
{[%clk 1:29:13]} 3. Nc3 {[%clk 1:31:46]} Qd8 {[%clk 1:29:32]} 4. d4
{[%clk 1:32:05]} Nf6 {[%clk 1:28:56]} 5. Bc4 {[%clk 1:32:01]} g6 {[%clk 1:28:32]}
6. Nf3 {[%clk 1:32:13]} Bg7 {[%clk 1:28:20]} 7. O-O {[%clk 1:31:51]} O-O
{[%clk 1:28:42]} 8. h3 {[%clk 1:32:05]} Nc6 {[%clk 1:27:50]} 9. Be3
{[%clk 1:31:39]} a6 {[%clk 1:26:54]} 10. a4 {[%clk 1:30:25]} Qd6 {[%clk 1:26:21]}
11. Qe2 {[%clk 1:28:40]} Bf5 {[%clk 1:22:23]} 12. Rfd1 {[%clk 1:24:55]} Rae8
{[%clk 1:19:52]} 13. Bg5 {[%clk 1:23:45]} Nd7 {[%clk 1:13:41]} 14. g4
{[%clk 1:22:29]} e6 {[%clk 1:12:33]} 15. gxf5 {[%clk 1:17:13]} gxf5
{[%clk 1:13:01]} 16. Qd2 {[%clk 1:16:51]} Nb6 {[%clk 1:13:03]} 17. Bb3
{[%clk 1:16:43]} Ne7 {[%clk 1:12:45]} 18. Qf4 {[%clk 1:13:19]} Qd7
{[%clk 1:12:42]} 19. Ne5 {[%clk 1:12:27]} Qd6 {[%clk 1:11:39]} 20. Bh6
{[%clk 1:10:34]} Nbc8 {[%clk 1:09:25]} 21. Rd3 {[%clk 1:07:36]} c5
{[%clk 1:09:52]} 22. Rg3 {[%clk 1:05:39]} Ng6 {[%clk 1:10:20]} 23. Nxg6
{[%clk 1:05:55]} hxg6 {[%clk 1:10:23]} 24. Qxd6 {[%clk 1:06:13]} Nxd6 25. Bxg7
Kxg7 {[%clk 1:10:16]} 26. dxc5 {[%clk 1:06:34]} Nc8 {[%clk 1:10:08]} 27. Rd1
{[%clk 1:06:22]} Re7 {[%clk 1:10:32]} 28. Rgd3 {[%clk 1:06:01]} Rc7
{[%clk 1:10:53]} 29. Rd7 {[%clk 1:05:55]} Rxc5 {[%clk 1:10:48]} 30. Bxe6
{[%clk 1:05:51]} Kf6 {[%clk 1:11:04]} 31. Bb3 {[%clk 1:05:40]} g5
{[%clk 1:10:48]} 32. Rxb7 {[%clk 1:05:25]} g4 {[%clk 1:10:19]} 33. hxg4
{[%clk 1:05:48]} fxg4 {[%clk 1:10:34]} 34. Ne4+ {[%clk 1:06:17]} Kg6
{[%clk 1:10:43]} 35. Nxc5 {[%clk 1:06:36]} f5 {[%clk 1:10:13]} 36. Rb8
{[%clk 0:50:03]} Kg5 {[%clk 1:10:09]} 37. Ne6+ {[%clk 0:50:26]} 1-0

[Event "World Chess Olympiad 2018"]
[Site "Batumi"]
[Date "2018.09.28"]
[Round "5"]
[Board "3"]
[WhiteFideId "31900291"]
[White "dos Reis Tito"]
[BlackFideId "9800174"]
[Black "Pillay Ragul"]
[Result "1-0"]
[LiveChessVersion "1.4.8"]
[BlackElo "1353"]
[WhiteElo "1627"]

1. f4 {[%clk 1:30:53]} c5 {[%clk 1:30:57]} 2. Nf3 {[%clk 1:30:55]} g6
{[%clk 1:30:52]} 3. e3 {[%clk 1:30:55]} Bg7 {[%clk 1:30:08]} 4. c3
{[%clk 1:31:13]} Nf6 {[%clk 1:27:21]} 5. d4 {[%clk 1:31:29]} cxd4
{[%clk 1:26:38]} 6. exd4 {[%clk 1:31:40]} O-O {[%clk 1:26:10]} 7. Bd3
{[%clk 1:32:03]} Nc6 {[%clk 1:21:33]} 8. O-O {[%clk 1:32:04]} d6 {[%clk 1:13:48]}
9. Nbd2 {[%clk 1:32:13]} e5 {[%clk 1:03:35]} 10. fxe5 {[%clk 1:32:25]} dxe5
{[%clk 1:03:04]} 11. dxe5 {[%clk 1:31:30]} Qxd3 {[%clk 0:50:56]} 12. exf6
{[%clk 1:31:49]} Bxf6 {[%clk 0:47:13]} 13. Qe1 {[%clk 1:31:57]} Bf5
{[%clk 0:42:39]} 14. Nb3 {[%clk 1:30:44]} Rfe8 {[%clk 0:41:29]} 15. Qg3
{[%clk 1:30:27]} Ne5 {[%clk 0:36:10]} 16. Bf4 {[%clk 1:29:03]} Nc4
{[%clk 0:27:11]} 17. Rad1 {[%clk 1:27:35]} Qe4 {[%clk 0:23:34]} 18. Rde1
{[%clk 1:25:47]} Qc6 {[%clk 0:20:03]} 19. Nbd4 {[%clk 1:25:25]} Qb6
{[%clk 0:20:05]} 20. b3 {[%clk 1:25:19]} Na5 {[%clk 0:18:51]} 21. Kh1
{[%clk 1:25:31]} Bd3 {[%clk 0:17:49]} 22. Rg1 {[%clk 1:24:55]} Nc6
{[%clk 0:17:25]} 23. Ne5 {[%clk 1:23:19]} Ba6 {[%clk 0:14:56]} 24. Nd7
{[%clk 1:21:59]} Rxe1 {[%clk 0:13:14]} 25. Nxb6 {[%clk 1:19:41]} Rxg1+
{[%clk 0:12:54]} 26. Kxg1 {[%clk 1:19:33]} Nxd4 {[%clk 0:10:57]} 27. cxd4
{[%clk 1:19:45]} Bxd4+ {[%clk 0:11:17]} 28. Be3 {[%clk 1:19:55]} Bxb6
{[%clk 0:10:27]} 29. Bxb6 axb6 30. h4 {[%clk 1:17:32]} Rd8 {[%clk 0:10:13]} 31.
Qc7 {[%clk 1:17:03]} Rd1+ {[%clk 0:09:31]} 32. Kh2 {[%clk 1:17:16]} Rd2
{[%clk 0:09:53]} 33. a4 {[%clk 1:16:17]} h6 {[%clk 0:09:03]} 34. b4
{[%clk 1:15:37]} Bf1 {[%clk 0:09:16]} 35. Qxb7 {[%clk 1:15:13]} Bxg2
{[%clk 0:09:11]} 36. Qxg2 {[%clk 1:15:22]} Rxg2+ {[%clk 0:09:08]} 37. Kxg2 Kf8
38. a5 {[%clk 1:14:43]} bxa5 {[%clk 0:06:59]} 39. bxa5 {[%clk 1:14:59]} 1-0

[Event "World Chess Olympiad 2018"]
[Site "Batumi"]
[Date "2018.09.28"]
[Round "5"]
[Board "4"]
[WhiteFideId "9800069"]
[White "Hoareau Benjamin"]
[BlackFideId "31900348"]
[Black "Fatima Jose"]
[Result "1-0"]
[LiveChessVersion "1.4.8"]
[BlackElo "1587"]
[WhiteElo "1820"]

1. d4 {[%clk 1:30:42]} Nf6 {[%clk 1:30:28]} 2. c4 {[%clk 1:29:49]} g6
{[%clk 1:30:35]} 3. Nc3 {[%clk 1:29:27]} Bg7 {[%clk 1:30:39]} 4. e4
{[%clk 1:29:10]} O-O {[%clk 1:30:55]} 5. e5 {[%clk 1:28:38]} Ne8 {[%clk 1:31:17]}
6. Nf3 {[%clk 1:28:46]} d6 {[%clk 1:30:13]} 7. Qb3 {[%clk 1:27:50]} Nd7
{[%clk 1:27:28]} 8. exd6 {[%clk 1:23:13]} cxd6 {[%clk 1:27:35]} 9. Bd3
{[%clk 1:22:57]} Ndf6 {[%clk 1:24:54]} 10. O-O {[%clk 1:18:49]} Rb8
{[%clk 1:21:32]} 11. Re1 {[%clk 1:12:54]} Bg4 {[%clk 1:21:33]} 12. Ng5
{[%clk 1:10:34]} h6 {[%clk 1:15:10]} 13. Nge4 {[%clk 1:10:10]} Nxe4
{[%clk 1:14:33]} 14. Bxe4 {[%clk 1:09:12]} Bxd4 {[%clk 1:14:33]} 15. Bxh6
{[%clk 1:09:10]} Ng7 {[%clk 1:14:27]} 16. Nb5 {[%clk 0:59:47]} Bc5
{[%clk 1:13:48]} 17. Qc2 {[%clk 0:55:16]} Kh7 {[%clk 1:12:58]} 18. Bg5
{[%clk 0:54:13]} Ne6 {[%clk 1:03:28]} 19. Bh4 {[%clk 0:54:00]} a6
{[%clk 1:03:17]} 20. h3 {[%clk 0:53:47]} axb5 {[%clk 1:01:36]} 21. hxg4
{[%clk 0:53:49]} Nd4 {[%clk 0:59:41]} 22. Qd3 {[%clk 0:50:11]} bxc4
{[%clk 0:57:00]} 23. Qxc4 {[%clk 0:47:44]} Kg7 {[%clk 0:56:44]} 24. Bd5
{[%clk 0:46:12]} b5 {[%clk 0:56:22]} 25. Qd3 {[%clk 0:45:38]} Qd7
{[%clk 0:54:37]} 26. Rxe7 {[%clk 0:42:57]} Qxg4 {[%clk 0:54:35]} 27. Re4
{[%clk 0:42:25]} Qh5 {[%clk 0:47:48]} 28. Rxd4 {[%clk 0:41:15]} Rh8
{[%clk 0:47:41]} 29. Bf3 {[%clk 0:39:23]} Qe5 {[%clk 0:47:22]} 30. Re4
{[%clk 0:37:15]} Qxb2 {[%clk 0:39:34]} 31. Rb1 {[%clk 0:36:10]} Qxa2 32. Qc3+ Kg8
{[%clk 0:36:50]} 33. Ra1 {[%clk 0:36:22]} b4 {[%clk 0:33:01]} 34. Qf6
{[%clk 0:35:27]} b3 {[%clk 0:24:54]} 35. Rxa2 {[%clk 0:32:43]} bxa2
{[%clk 0:24:41]} 36. Bd1 {[%clk 0:32:34]} Rb1 {[%clk 0:24:45]} 37. Re8+
{[%clk 0:32:53]} Kh7 {[%clk 0:23:37]} 38. Rxh8# {[%clk 0:33:06]} 1-0

[Event "World Chess Olympiad 2018"]
[Site "Batumi"]
[Date "2018.09.28"]
[Round "5"]
[Board "1"]
[WhiteFideId "21200149"]
[White "Ephoevi-Ga Adama Mawulikplimi"]
[BlackFideId "16600037"]
[Black "Montel Jr Cyril Tomas"]
[Result "1-0"]
[LiveChessVersion "1.4.8"]
[BlackElo "1882"]
[WhiteElo "1848"]

1. c4 {[%clk 1:30:57]} e5 {[%clk 1:30:35]} 2. Nc3 {[%clk 1:31:21]} Nf6
{[%clk 1:30:52]} 3. g3 {[%clk 1:30:24]} Nc6 {[%clk 1:30:59]} 4. Bg2
{[%clk 1:30:38]} Bb4 {[%clk 1:31:05]} 5. d3 {[%clk 1:27:03]} h6 {[%clk 1:31:22]}
6. Bd2 {[%clk 1:25:23]} Bxc3 {[%clk 1:29:35]} 7. bxc3 {[%clk 1:23:07]} d6
{[%clk 1:29:32]} 8. Rb1 {[%clk 1:22:14]} O-O {[%clk 1:27:11]} 9. e4
{[%clk 1:13:58]} Rb8 {[%clk 1:26:52]} 10. Ne2 {[%clk 1:13:53]} Be6
{[%clk 1:27:07]} 11. O-O {[%clk 1:12:32]} Qd7 {[%clk 1:27:27]} 12. f4
{[%clk 1:09:15]} Bh3 {[%clk 1:27:17]} 13. f5 {[%clk 1:08:39]} Bxg2
{[%clk 1:27:38]} 14. Kxg2 {[%clk 1:09:01]} b6 {[%clk 1:24:01]} 15. h3
{[%clk 1:06:27]} Na5 {[%clk 1:23:25]} 16. g4 {[%clk 1:01:35]} Nh7
{[%clk 1:23:34]} 17. Ng3 {[%clk 0:58:28]} f6 {[%clk 1:19:28]} 18. h4
{[%clk 0:57:01]} Nb7 {[%clk 1:09:08]} 19. Rh1 {[%clk 0:51:21]} Nd8
{[%clk 0:57:46]} 20. g5 {[%clk 0:48:20]} hxg5 {[%clk 0:42:52]} 21. hxg5
{[%clk 0:47:29]} fxg5 {[%clk 0:42:25]} 22. Rxh7 {[%clk 0:36:05]} Kxh7
{[%clk 0:38:48]} 23. Qh5+ {[%clk 0:36:15]} Kg8 {[%clk 0:39:09]} 24. Rh1
{[%clk 0:35:55]} Qe8 {[%clk 0:39:38]} 25. Qh7+ {[%clk 0:29:14]} Kf7
{[%clk 0:39:57]} 26. Bxg5 {[%clk 0:21:42]} Rg8 {[%clk 0:36:42]} 27. Rh6
{[%clk 0:17:01]} Kf8 {[%clk 0:30:03]} 28. f6 {[%clk 0:15:28]} Ne6
{[%clk 0:27:47]} 29. fxg7+ {[%clk 0:14:13]} Rxg7 {[%clk 0:23:58]} 30. Rf6+
{[%clk 0:11:26]} Ke7 {[%clk 0:23:26]} 31. Rxe6+ {[%clk 0:10:24]} Kf7
{[%clk 0:20:54]} 32. Qf5+ {[%clk 0:10:18]} Kg8 {[%clk 0:21:12]} 33. Rxe8+
{[%clk 0:10:27]} Rxe8 {[%clk 0:21:37]} 34. Be3 {[%clk 0:07:16]} Ree7
{[%clk 0:21:40]} 35. Qf1 {[%clk 0:06:03]} Rg6 {[%clk 0:21:31]} 36. Qe2
{[%clk 0:05:57]} Reg7 {[%clk 0:21:40]} 37. Bf2 {[%clk 0:05:59]} Rh7
{[%clk 0:21:53]} 38. Qe3 {[%clk 0:05:12]} Rg4 {[%clk 0:20:38]} 39. Kf1
{[%clk 0:04:59]} Rf7 {[%clk 0:20:30]} 40. Nf5 {[%clk 0:34:28]} 1-0

[Event "World Chess Olympiad 2018"]
[Site "Batumi"]
[Date "2018.09.28"]
[Round "5"]
[Board "2"]
[WhiteFideId "16601661"]
[White "Tan Santiago Jr"]
[BlackFideId "21200017"]
[Black "Amewounou Komlan Kouessan"]
[Result "1-0"]
[LiveChessVersion "1.4.8"]
[BlackElo "1758"]
[WhiteElo "1823"]

1. e4 {[%clk 1:30:50]} d6 {[%clk 1:30:48]} 2. Nc3 {[%clk 1:31:09]} Nf6
{[%clk 1:31:13]} 3. d4 {[%clk 1:31:14]} g6 {[%clk 1:31:35]} 4. Nf3
{[%clk 1:30:51]} Bg7 {[%clk 1:31:44]} 5. h3 {[%clk 1:30:53]} a6 {[%clk 1:31:47]}
6. Be3 {[%clk 1:31:03]} b5 {[%clk 1:26:55]} 7. a3 {[%clk 1:30:57]} Bb7
{[%clk 1:27:16]} 8. Bd3 {[%clk 1:30:45]} Nbd7 {[%clk 1:27:32]} 9. Qd2
{[%clk 1:29:46]} c5 {[%clk 1:26:12]} 10. d5 {[%clk 1:29:22]} O-O {[%clk 1:15:43]}
11. Bh6 {[%clk 1:27:54]} Qa5 {[%clk 1:15:20]} 12. Bxg7 {[%clk 1:27:50]} Kxg7
{[%clk 1:15:48]} 13. O-O {[%clk 1:23:50]} Qc7 {[%clk 1:03:38]} 14. Rfe1
{[%clk 1:22:40]} e6 {[%clk 0:54:49]} 15. dxe6 {[%clk 1:09:25]} fxe6
{[%clk 0:55:16]} 16. Qe3 {[%clk 1:05:23]} e5 {[%clk 0:49:24]} 17. Rad1
{[%clk 1:02:23]} c4 {[%clk 0:49:25]} 18. Bf1 {[%clk 1:02:24]} Nc5
{[%clk 0:47:27]} 19. Nd5 {[%clk 1:00:17]} Nxd5 {[%clk 0:40:26]} 20. exd5
{[%clk 1:00:17]} Rf6 {[%clk 0:38:20]} 21. Re2 {[%clk 0:59:11]} Raf8
{[%clk 0:38:32]} 22. Rdd2 {[%clk 0:59:02]} h6 {[%clk 0:36:40]} 23. Nh2
{[%clk 0:58:09]} Bc8 {[%clk 0:34:17]} 24. g3 {[%clk 0:57:33]} Na4
{[%clk 0:18:37]} 25. b3 {[%clk 0:57:00]} Nb6 {[%clk 0:14:16]} 26. Bg2
{[%clk 0:52:19]} a5 {[%clk 0:11:38]} 27. Qc3 {[%clk 0:49:59]} Qc5
{[%clk 0:08:54]} 28. b4 {[%clk 0:50:05]} Na4 {[%clk 0:07:31]} 29. bxc5
{[%clk 0:49:35]} Nxc3 {[%clk 0:07:58]} 30. Re3 {[%clk 0:49:25]} b4
{[%clk 0:07:34]} 31. axb4 {[%clk 0:49:32]} axb4 {[%clk 0:08:02]} 32. cxd6
{[%clk 0:48:54]} Re8 {[%clk 0:05:57]} 33. Ng4 {[%clk 0:46:22]} Bxg4
{[%clk 0:05:52]} 34. hxg4 {[%clk 0:46:39]} Rxd6 {[%clk 0:06:20]} 35. f4
{[%clk 0:46:45]} e4 {[%clk 0:06:27]} 36. Rd4 {[%clk 0:44:31]} Rxd5
{[%clk 0:02:41]} 37. Rxc4 {[%clk 0:44:22]} Rd7 {[%clk 0:01:20]} 38. Rxb4
{[%clk 0:44:16]} Ree7 {[%clk 0:01:07]} 39. Rxc3 {[%clk 0:44:32]} e3
{[%clk 0:01:22]} 40. Rb1 {[%clk 1:13:22]} e2 {[%clk 0:31:48]} 41. Re1
{[%clk 1:13:40]} Rd1 {[%clk 0:32:11]} 42. Kf2 {[%clk 1:14:01]} h5
{[%clk 0:22:56]} 43. gxh5 {[%clk 1:11:59]} gxh5 {[%clk 0:23:21]} 44. Rxe2
{[%clk 1:12:10]} Rf7 {[%clk 0:22:57]} 45. Kf3 {[%clk 1:12:12]} Rd4
{[%clk 0:21:31]} 46. Rd3 {[%clk 1:12:13]} Rc4 {[%clk 0:21:46]} 47. Bh3
{[%clk 1:09:29]} Rf6 {[%clk 0:20:50]} 48. f5 {[%clk 1:08:44]} h4 {[%clk 0:20:30]}
49. g4 {[%clk 1:09:01]} Rfc6 {[%clk 0:20:20]} 50. g5 {[%clk 1:09:11]} Rxc2
{[%clk 0:20:02]} 51. Rxc2 {[%clk 1:09:32]} Rxc2 {[%clk 0:20:26]} 52. Kg4
{[%clk 1:09:34]} Rc4+ {[%clk 0:20:36]} 53. Kh5 {[%clk 1:09:55]} 1-0

[Event "World Chess Olympiad 2018"]
[Site "Batumi"]
[Date "2018.09.28"]
[Round "5"]
[Board "3"]
[WhiteFideId "21200025"]
[White "Botsoe Koffi"]
[BlackFideId "16601491"]
[Black "Salvadora Angelo"]
[Result "1-0"]
[LiveChessVersion "1.4.8"]
[BlackElo "1772"]
[WhiteElo "1680"]

1. e4 {[%clk 1:30:57]} e5 {[%clk 1:30:26]} 2. Nf3 {[%clk 1:31:21]} Nc6
{[%clk 1:29:42]} 3. Bc4 {[%clk 1:30:48]} Qf6 {[%clk 1:28:21]} 4. Nc3
{[%clk 1:23:55]} Bd6 {[%clk 1:23:29]} 5. Nd5 {[%clk 1:24:00]} Qg6
{[%clk 1:23:28]} 6. d3 {[%clk 1:21:41]} h6 {[%clk 1:22:58]} 7. O-O
{[%clk 1:21:25]} Nge7 {[%clk 1:22:16]} 8. Nh4 {[%clk 1:21:06]} Qh7
{[%clk 1:20:43]} 9. c3 {[%clk 1:20:25]} Nxd5 {[%clk 1:19:31]} 10. Bxd5
{[%clk 1:20:16]} Ne7 {[%clk 1:19:19]} 11. Bb3 {[%clk 1:19:52]} Bc5
{[%clk 1:17:58]} 12. Re1 {[%clk 1:17:40]} d6 {[%clk 1:17:55]} 13. d4
{[%clk 1:17:36]} exd4 {[%clk 1:15:44]} 14. cxd4 {[%clk 1:14:21]} Bb4
{[%clk 1:15:51]} 15. Re3 {[%clk 1:13:00]} Be6 {[%clk 1:09:22]} 16. Bxe6
{[%clk 1:12:31]} fxe6 {[%clk 1:09:27]} 17. Qa4+ {[%clk 1:12:34]} Nc6
{[%clk 1:08:43]} 18. d5 {[%clk 1:12:47]} Bc5 {[%clk 1:08:42]} 19. dxc6
{[%clk 1:12:56]} O-O 20. cxb7 Rab8 {[%clk 1:04:44]} 21. Re2 {[%clk 1:12:44]} Rxb7
{[%clk 1:04:12]} 22. Nf3 {[%clk 1:10:47]} Qg6 {[%clk 1:04:18]} 23. Ne1
{[%clk 1:02:26]} Qf6 {[%clk 1:03:12]} 24. Qc2 {[%clk 1:01:39]} c6
{[%clk 1:03:02]} 25. Nd3 {[%clk 1:01:58]} Bb6 {[%clk 0:50:59]} 26. Qxc6
{[%clk 0:59:21]} Rc7 {[%clk 0:48:36]} 27. Qb5 {[%clk 0:57:53]} Qh4
{[%clk 0:41:06]} 28. g3 {[%clk 0:51:46]} Qg4 {[%clk 0:38:35]} 29. Ne1
{[%clk 0:41:11]} Rcf7 {[%clk 0:37:38]} 30. Be3 {[%clk 0:27:24]} Bxe3
{[%clk 0:36:57]} 31. Rxe3 {[%clk 0:27:43]} Rxf2 {[%clk 0:36:41]} 32. Nd3
{[%clk 0:25:44]} Rd2 {[%clk 0:31:54]} 33. Qb4 {[%clk 0:22:57]} Rc2
{[%clk 0:26:09]} 34. Qb3 {[%clk 0:23:06]} Rfc8 {[%clk 0:23:42]} 35. Rae1
{[%clk 0:19:37]} Rd2 {[%clk 0:22:41]} 36. Nf4 {[%clk 0:17:15]} Rcc2
{[%clk 0:21:39]} 37. h3 {[%clk 0:15:21]} Qg5 {[%clk 0:15:42]} 38. R1e2
{[%clk 0:14:03]} Rc1+ {[%clk 0:10:02]} 39. Kg2 {[%clk 0:14:00]} Rdd1
{[%clk 0:09:33]} 40. Qxe6+ {[%clk 0:06:57]} Kh8 {[%clk 0:07:00]} 41. Qg4
{[%clk 0:32:16]} Rg1+ {[%clk 0:35:23]} 42. Kf3 {[%clk 0:32:12]} Qb5
{[%clk 0:29:57]} 43. Qg6 {[%clk 0:30:28]} Rcf1+ {[%clk 0:29:38]} 44. Kg4
{[%clk 0:30:12]} Qd7+ {[%clk 0:27:51]} 45. Qf5 {[%clk 0:28:24]} Qe8
{[%clk 0:20:27]} 46. e5 {[%clk 0:24:56]} d5 {[%clk 0:20:22]} 47. e6
{[%clk 0:24:58]} g5 {[%clk 0:13:11]} 48. Qf6+ {[%clk 0:24:35]} Kh7
{[%clk 0:12:55]} 49. Qg6+ {[%clk 0:24:45]} Qxg6 {[%clk 0:12:50]} 50. Nxg6
{[%clk 0:23:59]} Kxg6 {[%clk 0:13:09]} 51. h4 {[%clk 0:22:03]} gxh4
{[%clk 0:10:49]} 52. Rf3 {[%clk 0:22:17]} h5+ {[%clk 0:10:47]} 53. Kf4
{[%clk 0:22:15]} h3 {[%clk 0:06:53]} 54. e7 {[%clk 0:22:29]} Rxf3+
{[%clk 0:06:41]} 55. Kxf3 {[%clk 0:21:04]} Rf1+ {[%clk 0:06:36]} 56. Ke3
{[%clk 0:21:27]} Kf7 {[%clk 0:06:58]} 57. Kd2 {[%clk 0:21:39]} Ke8
{[%clk 0:07:21]} 58. Rh2 {[%clk 0:19:31]} Kxe7 {[%clk 0:07:04]} 59. Rxh3
{[%clk 0:19:01]} Rf5 {[%clk 0:06:52]} 60. a3 {[%clk 0:18:16]} Kd6
{[%clk 0:07:10]} 61. Ke3 {[%clk 0:16:39]} Kc5 {[%clk 0:06:57]} 62. Rh2
{[%clk 0:15:56]} a5 {[%clk 0:06:47]} 63. Rc2+ {[%clk 0:16:09]} Kb5
{[%clk 0:06:55]} 64. b3 {[%clk 0:14:14]} Rg5 {[%clk 0:06:47]} 65. Kf4
{[%clk 0:14:08]} Rg4+ {[%clk 0:06:52]} 66. Kf3 {[%clk 0:11:39]} d4
{[%clk 0:06:50]} 67. Rc4 {[%clk 0:11:31]} d3 {[%clk 0:06:52]} 68. Rxg4
{[%clk 0:11:37]} hxg4+ {[%clk 0:07:12]} 69. Ke3 {[%clk 0:11:45]} a4
{[%clk 0:04:53]} 70. bxa4+ {[%clk 0:11:41]} Kxa4 {[%clk 0:05:10]} 71. Kxd3
{[%clk 0:12:04]} Kxa3 {[%clk 0:05:35]} 72. Ke4 {[%clk 0:12:16]} Kb4
{[%clk 0:05:53]} 73. Kf4 {[%clk 0:12:35]} Kc5 {[%clk 0:06:20]} 74. Kxg4
{[%clk 0:12:38]} Kd6 {[%clk 0:06:41]} 75. Kg5 {[%clk 0:12:39]} Ke7
{[%clk 0:06:59]} 76. Kh6 {[%clk 0:12:45]} Kf7 {[%clk 0:06:48]} 77. g4
{[%clk 0:10:37]} Kg8 {[%clk 0:07:03]} 78. g5 {[%clk 0:10:57]} Kh8
{[%clk 0:06:40]} 79. g6 {[%clk 0:11:21]} Kg8 {[%clk 0:06:48]} 1-0